| 000 | 00951naa a22002777a 4500 | ||
|---|---|---|---|
| 001 | BR9301650 | ||
| 003 | BR-BrBNA | ||
| 005 | 20240918181017.0 | ||
| 007 | ta | ||
| 008 | 230509b bl.||||| |||| 00| 0 por d | ||
| 040 |
_aBR-BrBNA _bpor _cBiblioteca Nacional de Agricultura |
||
| 041 | _a(Pt) | ||
| 072 |
_aF01 _b1850 |
||
| 090 | _aF01 BR9301650 | ||
| 100 | 1 | _aSampaio, H.S. de V. | |
| 100 | 1 | _aAraujo, L.C.P. de | |
| 245 | 1 | _aEnsaio de avaliacao de 12 linhas de tomate de crescimento determinado, desenvolvidas na Republica da China | |
| 260 | 3 |
_aCruz das Almas, BA (Brasil): _c1977. |
|
| 500 | _aInforme cientifico anual, no. 1 Cruz das Almas, BA (Brasil): 1977. p. 49-50 (BR9301650-AM)F01 | ||
| 650 | _aPratica Cultural | ||
| 650 | _aTomate | ||
| 650 | _aClima | ||
| 773 | 0 |
_tInforme cientifico anual, no. 1 _wF01 BR9301650 _gCruz das Almas, BA (Brasil), 1977. p. 49-50 |
|
| 909 |
_a202404 _bLucia _c55 _dLucia Elande |
||
| 942 |
_cAM _2AGRIS |
||
| 999 |
_c323171 _d323171 |
||